000 00525nam a22001937a 4500
003 KOHA_MİRAKIL
005 20251107130410.0
008 251107b tu ||||| |||| 00| 0 tur d
020 _a9786053758549
040 _aTR-AnABB
_btur
_cTR-AnABB
041 _atur
082 _a839.73
_bTID 2018
100 1 _aTidbeck, Karin,
245 1 0 _aAmatka /
_cKarin Tidbeck
260 _aİstanbul :
_bİthaki Yayınları,
_c2018
300 _a229 sayfa ;
_c21 cm
650 0 4 _aİsveç edebiyatı, roman
942 _2ddc
_cBK
999 _c9291
_d9291
900 _bGizem YORULMAZ